000 00218nam a2200097Ia 4500
008 120527s9999 xx 000 0 und d
100 _aPOWELL,Ann.
245 _aThe origin of western art.
260 _bHBJ
942 _cBK
999 _c24096
_d24096